• 首页
  • 本馆介绍
  • 公告通知
  • 最新文献
  • 馆藏检索
  • 电子资源
  • 读者导购
  • 参考咨询
  • 我的图书馆
  • 登录
  • 详细信息显示
  • 放入我的书架
  • 预约/预借图书
  • 作者相关作品
  • 分类相关作品
  • 丛书相关作品
  • 出版社相关作品

书目信息

  • 表格格式
  • 工作单格式
  • 卡片格式
题名:
空间天气定量预报模式
    
 
作者: 张效信 , 杜丹 , 郭建广 编著
分册:  
出版信息: 北京   气象出版社  2016.02
页数: 227,16页
开本: 26cm
丛书名:
单 册:
中图分类: P45
科图分类:
主题词: 空间科学--天气预报
电子资源:
ISBN: 978-7-5029-6149-7
000 00830nam0 2200241 450
001 4265
005 20181011085242.21
010    @a978-7-5029-6149-7@dCNY72.00
100    @a20160624d2016 em y0chiy50 ea
101 0  @achi
102    @aCN@b110000
105    @aa z 000yy
200 1  @a空间天气定量预报模式@9kong jian tian qi ding liang yu bao mo shi@b专著@f张效信,杜丹,郭建广编著
210    @a北京@c气象出版社@d2016.02
215    @a227,16页@c图@d26cm
330    @a本书全面介绍了25个面向业务应用的空间天气定量预报模式,覆盖空间天气所涉及的太阳、行星际、磁层、电离层和中高层大气五大区域。
606 0  @a空间科学@x天气预报
690    @aP45@v4
701  0 @a张效信@9zhang xiao xin@4编著
701  0 @a杜丹@9du dan@4编著
701  0 @a郭建广@9guo jian guang@4编著
801  0 @aCN@b91MARC@c20160705
905    @aMuseLib@dP45@e119
    
    空间天气定量预报模式/张效信,杜丹,郭建广编著.-北京:气象出版社,2016.02
    227,16页:图;26cm
    
    
    ISBN 978-7-5029-6149-7:CNY72.00
    本书全面介绍了25个面向业务应用的空间天气定量预报模式,覆盖空间天气所涉及的太阳、行星际、磁层、电离层和中高层大气五大区域。
●
相关链接 在E读中查询图书 在五车中查询图书 在当当中查询图书 在豆瓣中查询图书


正题名:空间天气定量预报模式     索取号:P45/119         预约/预借

序号 登录号 条形码 馆藏地/架位号 状态 备注
1 1124316   211243162   第二样本阅览室/ [索取号:P45/119] 在馆    
2 1124317   211243171   资源管理系资料室/ [索取号:P45/119] 在馆    
3 1124318   211243180   第三借阅区/ [索取号:P45/119] 在馆    
4 1124319   211243199   第三借阅区/ [索取号:P45/119] 在馆    
5 1124320   211243206   第三借阅区/ [索取号:P45/119] 在馆    
唐山师范学院图书馆 欢迎您!
大连网信软件有限公司© 版权所有